=LDR 00000nam 2200000 4500 =001 INLIS000000000017958 =005 20130612113140 =008 ***********************************Ind** =035 ##$$0010-061300000017958 =041 ##$$a Ind =082 ##$$a 620.11 =090 ##$$a 620.11, Sri k =100 ##$$a Sri Widarto =245 ##$$a Karat dan pencegahannya, oleh Sri Widharto =260 ##$$a 2004 $b Jakarta =300 ##$$a x, 180 hlm, ilus, 24 cm =650 ##$$a Karat dan Anti Karat =850 ##$$a NBPNMAT